| 000 | 00363nam a22001217a 4500 | ||
|---|---|---|---|
| 999 |
_c1164 _d1164 |
||
| 005 | 20200825154810.0 | ||
| 008 | 200825b ||||| |||| 00| 0 eng d | ||
| 020 | _a0435 10523x | ||
| 040 | _cCML | ||
| 245 |
_aReal Life Reading Skills. _cRead, L. |
||
| 260 |
_aGreat Britain _bButler and Tanner Ltd _c 1983 |
||
| 942 |
_2ddc _cBK _e2nd Edition _h418 _mREA |
||